000 00282nam a2200109Ia 4500
001 588960
005 20250717120840.0
008 250717s9999 xx 000 0 und d
245 0 _aY-9 ACAR DEDEKTİF EDA OKULDA
_cYILMAZ YEŞİLDAĞ
260 _bERDEM YAYINLARI
_c2018
300 _b119
999 _c588960
_d588960